[Event "Prinsenstad-toernooi - A groep"]
[Site "Delft"]
[Date "2016.03.26"]
[Round "3.9"]
[White "Vrolijk, Liam"]
[Black "Haver, Daan"]
[Result "1-0"]
[WhiteElo "2162"]
[BlackElo "2010"]
[PlyCount "105"]
[EventDate "2016.03.25"]
[EventType "swiss"]
[EventRounds "6"]
[EventCountry "NED"]
[Source "DSC"]
[SourceDate "2016.03.25"]

1. d4 Nf6 2. c4 e6 3. Nf3 c5 4. d5 exd5 5. cxd5 d6 6. Nc3 g6 7. Bf4 Bg7 8. Qa4+
Bd7 9. Qb3 Qc7 10. h3 O-O 11. e3 Na6 12. Be2 Rab8 13. a4 Nb4 14. O-O a6 15.
Rfc1 Bc8 16. Nd2 Qe7 17. Nc4 Rd8 18. Qd1 Bf5 19. g4 Bc8 20. a5 Ne8 21. Bf3 f5
22. g5 Bd7 23. Qd2 Bb5 24. b3 Nc7 25. Rd1 Be8 26. Rac1 Bf7 27. Nb6 Re8 28. h4
Rbd8 29. Ne2 Nb5 30. Kg2 Qf8 31. Rh1 Bh8 32. Nc4 Qg7 33. Bg3 Kf8 34. Nf4 Qg8
35. h5 Be5 36. hxg6 hxg6 37. Nb6 Nc7 38. Rcd1 Nb5 39. Rh6 Rb8 40. Nd7+ Ke7 41.
Nxb8 Rxb8 42. Nd3 Bc3 43. Qe2 Bg7 44. Nxb4 cxb4 45. Qc4 Bc3 46. e4 Kd7 47. exf5
gxf5 48. Qf4 Be5 49. Qxf5+ Kd8 50. Bxe5 dxe5 51. Qf6+ Kd7 52. Bg4+ Kc7 53. Qb6#
1-0

[Event "Prinsenstad-toernooi - A groep"]
[Site "Delft"]
[Date "2016.03.26"]
[Round "3.10"]
[White "Nguyen, Kevin"]
[Black "Roorda, Thijs"]
[Result "0-1"]
[WhiteElo "2062"]
[BlackElo "2142"]
[PlyCount "112"]
[EventDate "2016.03.25"]
[EventType "swiss"]
[EventRounds "6"]
[EventCountry "NED"]
[Source "DSC"]
[SourceDate "2016.03.25"]

1. Nf3 e6 2. g3 f5 3. Bg2 Nf6 4. O-O Be7 5. d3 O-O 6. c4 b6 7. Nc3 Bb7 8. Rb1
c5 9. a3 Nc6 10. Bd2 Qe8 11. e3 Qh5 12. Ne2 g5 13. Bc3 Rad8 14. d4 d5 15. b4
cxb4 16. axb4 dxc4 17. b5 Na5 18. Ne5 Bd6 19. Nc6 Nxc6 20. bxc6 Ba8 21. Re1 Ne4
22. Qa4 b5 23. Qxb5 Rb8 24. Qxc4 Qf7 25. Rxb8 Bxb8 26. Ba5 Rc8 27. c7 Bxc7 28.
Rc1 Nd6 29. Qb4 Rb8 30. Qc5 Bxa5 31. Bxa8 Bb4 32. Rb1 a5 33. Rxb4 axb4 34. Qxd6
Rxa8 35. Qxb4 Qc7 36. Qc3 Qb7 37. Nc1 Rc8 38. Qa1 Qb5 39. d5 Qxd5 40. Ne2 e5
41. Qa6 Ra8 42. Nc3 Qd1+ 43. Nxd1 Rxa6 44. Nc3 Kf7 45. Kg2 Ke6 46. Nb5 Rb6 47.
Nc3 Rb3 48. Ne2 Rb2 49. Ng1 g4 50. h3 h5 51. hxg4 hxg4 52. Kf1 Kd5 53. Ne2 Ke4
54. Nc3+ Kf3 55. Nd1 Rb1 56. Ke1 Rxd1+ 0-1

[Event "Prinsenstad-toernooi - A groep"]
[Site "Delft"]
[Date "2016.03.26"]
[Round "3.11"]
[White "Bakker, Guido"]
[Black "Glissenaar, Marcel"]
[Result "1-0"]
[WhiteElo "2124"]
[BlackElo "2042"]
[PlyCount "39"]
[EventDate "2016.03.25"]
[EventType "swiss"]
[EventRounds "6"]
[EventCountry "NED"]
[Source "DSC"]
[SourceDate "2016.03.25"]

1. d4 d5 2. c4 c6 3. Nf3 Nf6 4. e3 g6 5. Bd3 Bg7 6. O-O O-O 7. Nc3 Nbd7 8. cxd5
cxd5 9. Bd2 Nb6 10. Qb3 Bd7 11. a4 a5 12. Rfc1 e6 13. Ne5 Rb8 14. Nb5 Nc8 15.
Qd1 Ne4 16. Bxa5 b6 17. Bb4 Bxe5 18. dxe5 Re8 19. Bxe4 dxe4 20. Nc7 1-0

[Event "Prinsenstad-toernooi - A groep"]
[Site "Delft"]
[Date "2016.03.26"]
[Round "4.1"]
[White "Blees, Albert"]
[Black "Arnaudov, Petar"]
[Result "1-0"]
[WhiteElo "2382"]
[BlackElo "2450"]
[PlyCount "87"]
[EventDate "2016.03.25"]
[EventType "swiss"]
[EventRounds "6"]
[EventCountry "NED"]
[Source "DSC"]
[SourceDate "2016.03.25"]

1. Nf3 Nf6 2. c4 e6 3. Nc3 Bb4 4. Qc2 d6 5. a3 Bxc3 6. Qxc3 e5 7. g3 c5 8. Bg2
a5 9. O-O Nc6 10. e3 Bg4 11. h3 Bh5 12. g4 Bg6 13. d4 Ne4 14. Qb3 Qe7 15. d5
Nd8 16. Qa4+ Kf8 17. Nd2 Nxd2 18. Bxd2 h5 19. f3 f5 20. Qc2 Qd7 21. g5 h4 22.
f4 e4 23. b4 b6 24. bxa5 bxa5 25. Rab1 Qc7 26. Rb2 Be8 27. Rfb1 Bd7 28. Rb6 Kf7
29. Bc3 Ra7 30. Qb2 Rg8 31. Bf1 a4 32. Be2 Bc8 33. Bh5+ Kf8 34. Bg6 Rh8 35. Rb8
Rb7 36. Rxb7 Qxb7 37. Qc2 Qa7 38. Rb2 Rg8 39. Bh5 Bd7 40. Qb1 Be8 41. Be2 Bd7
42. Rb8 Kf7 43. Qb2 Qc7 44. Bxg7 1-0

[Event "Prinsenstad-toernooi - A groep"]
[Site "Delft"]
[Date "2016.03.26"]
[Round "4.2"]
[White "Van den Doel, Erik"]
[Black "Reinderman, Dimitri"]
[Result "0-1"]
[WhiteElo "2564"]
[BlackElo "2581"]
[Annotator "Dimitri Reinderman"]
[PlyCount "118"]
[EventDate "2016.03.25"]
[EventType "swiss"]
[EventRounds "6"]
[EventCountry "NED"]
[Source "DSC"]
[SourceDate "2016.03.25"]

1. e4 c5 2. Nf3 Nc6 3. d4 cxd4 4. Nxd4 Nf6 5. Nc3 e6 6. g3 d5 7. exd5 Nxd5 8.
Nde2 Bb4 9. Bd2 ({Normaal zou zijn} 9. Bg2 {waarna zwart wit een dubbelpion
zou kunnen bezorgen, maar wit met halfopen b-lijn en loperpaar compensatie
krijgt. Wat doe ik: ik forceer het! Al was het maar omdat het leuk is op zet
negen al mat in één te dreigen.}) 9... Ne5 10. Bg2 Nc4 11. Bc1 Nxc3 12. Qxd8+
Kxd8 13. Nxc3 {Hier kan ik meteen pakken op c3, maar het leek me slimmer om
dat later te doen zodat hij niet meteen een toren op de halfopen b-lijn kan
zetten. Maar ik had wel iets gemist...} Kc7 14. Bf4+ Kb6 ({Ik had natuurlijk} 
14... e5 {gepland, maar zag nu} 15. Bd2 Nxd2 16. Nd5+ $1 {
en dat is goed voor wit.}) (14... e5 15. Bd2 Kb8 {had dan overigens nog ok
voor zwart geweest, niet overwogen, de partijzet deed ik ook met tegenzin,
maar uiteindelijk kreeg ik wat ik wilde, een eindspel waarin zijn pionnen erg
zwak werden. Hij hielp daarbij wel mee, onder andere door op zet 22 lopers te
laten ruilen.}) 15. O-O Bxc3 16. bxc3 e5 17. Bc1 Kc7 18. f4 Re8 19. Rb1 Rb8 20.
Rb5 b6 21. fxe5 Be6 22. Bd5 Bxd5 23. Rxd5 Kc6 24. Rfd1 Rxe5 25. R5d4 Rc5 26.
Bf4 Rb7 27. a4 Re7 28. Rd8 f6 29. Rb8 Ne5 30. Bxe5 Rcxe5 31. Rc8+ Kb7 32. Rcd8
Rc7 33. R1d3 Rec5 34. Rg8 Rc4 35. Kf2 Rxa4 36. Ke3 Rac4 37. Kd2 b5 38. Kc1 b4
39. Rd4 Rxd4 40. cxd4 b3 41. Kb2 bxc2 42. Kc1 g6 43. d5 Kb6 44. d6 Rd7 45. Kxc2
Kc5 46. Rf8 f5 47. Rf6 Kd5 48. Kc3 Ke5 49. Rf8 Kxd6 50. Rf6+ Ke5 51. Ra6 Ke4
52. Ra2 Ke3 53. Kc4 g5 54. Ra5 Ke4 55. Kc3 f4 56. Rxg5 f3 57. Rg4+ Ke3 58. Rg8
f2 59. Re8+ Kf3 0-1

[Event "Prinsenstad-toernooi - A groep"]
[Site "Delft"]
[Date "2016.03.26"]
[Round "4.3"]
[White "Lalic, Bogdan"]
[Black "Haslinger, Stewart"]
[Result "1/2-1/2"]
[WhiteElo "2429"]
[BlackElo "2508"]
[PlyCount "27"]
[EventDate "2016.03.25"]
[EventType "swiss"]
[EventRounds "6"]
[EventCountry "NED"]
[Source "DSC"]
[SourceDate "2016.03.25"]

1. d4 d5 2. c4 c6 3. Nf3 Nf6 4. Nc3 a6 5. e3 g6 6. Be2 Bg7 7. O-O O-O 8. cxd5
cxd5 9. Ne5 Qd6 10. Bd2 Nc6 11. f4 b5 12. Nxc6 Qxc6 13. Rc1 Qd6 14. Bf3 1/2-1/2

[Event "Prinsenstad-toernooi - A groep"]
[Site "Delft"]
[Date "2016.03.26"]
[Round "4.4"]
[White "Blees, Enrico"]
[Black "De Jong, Migchiel"]
[Result "0-1"]
[WhiteElo "2223"]
[BlackElo "2390"]
[PlyCount "94"]
[EventDate "2016.03.25"]
[EventType "swiss"]
[EventRounds "6"]
[EventCountry "NED"]
[Source "DSC"]
[SourceDate "2016.03.25"]

1. e4 e6 2. d4 d5 3. Nd2 c5 4. Ngf3 cxd4 5. Nxd4 Nf6 6. exd5 Qxd5 7. N2f3 Nc6
8. Nb5 Bb4+ 9. c3 Qxd1+ 10. Kxd1 Ba5 11. Bf4 O-O 12. Bd3 a6 13. Nbd4 Nxd4 14.
Nxd4 Bb6 15. Kc2 Bxd4 16. cxd4 Bd7 17. Rad1 Ba4+ 18. b3 Bb5 19. Kb2 Bxd3 20.
Rxd3 Nd5 21. Bg3 Rac8 22. Rc1 Rxc1 23. Kxc1 Rc8+ 24. Kb2 f6 25. a3 Kf7 26. Rd2
Ke7 27. Rc2 Rxc2+ 28. Kxc2 Kd7 29. Kd3 Kc6 30. a4 b5 31. axb5+ Kxb5 32. Bd6 Kc6
33. Bf8 g5 34. g3 g4 35. Ke4 h5 36. Ba3 Nc3+ 37. Kd3 Nb5 38. Be7 f5 39. Kc4 Nc7
40. Bd8 Nd5 41. Ba5 Nf6 42. Bd2 Ne4 43. Be3 a5 44. b4 axb4 45. Kxb4 Kd5 46. Kb3
Nd6 47. Kb4 Nc4 0-1

[Event "Prinsenstad-toernooi - A groep"]
[Site "Delft"]
[Date "2016.03.26"]
[Round "4.5"]
[White "Van Dijk, Harold"]
[Black "Vrolijk, Liam"]
[Result "1-0"]
[WhiteElo "2310"]
[BlackElo "2162"]
[PlyCount "41"]
[EventDate "2016.03.25"]
[EventType "swiss"]
[EventRounds "6"]
[EventCountry "NED"]
[Source "DSC"]
[SourceDate "2016.03.25"]

1. e4 g6 2. d4 Bg7 3. Nc3 d6 4. h4 h5 5. Bg5 a6 6. Bc4 Nf6 7. e5 dxe5 8. dxe5
Qxd1+ 9. Rxd1 Ng4 10. Nd5 Bxe5 11. Nf3 Bd6 12. Bxe7 Ra7 13. Bxd6 cxd6 14. Nb6
Ke7 15. O-O Be6 16. Rfe1 Nd7 17. Bxe6 fxe6 18. Nd5+ Kf7 19. Ng5+ Kg7 20. Rxe6
Rd8 21. Rxd6 1-0

[Event "Prinsenstad-toernooi - A groep"]
[Site "Delft"]
[Date "2016.03.26"]
[Round "4.6"]
[White "Haver, Daan"]
[Black "Galehdari, Bardia"]
[Result "1-0"]
[WhiteElo "2010"]
[BlackElo "2080"]
[PlyCount "55"]
[EventDate "2016.03.25"]
[EventType "swiss"]
[EventRounds "6"]
[EventCountry "NED"]
[Source "DSC"]
[SourceDate "2016.03.25"]

1. d4 Nf6 2. Nf3 g6 3. Bg5 Bg7 4. Nbd2 d5 5. e3 O-O 6. Bd3 c5 7. c3 Qb6 8. Rb1
Nc6 9. O-O Nd7 10. b4 c4 11. Bc2 e5 12. e4 exd4 13. exd5 d3 14. Ba4 Nce5 15.
Bxd7 Nxf3+ 16. Qxf3 Bxd7 17. Nxc4 Qa6 18. Nb2 Rac8 19. c4 Qxa2 20. Nxd3 Rxc4
21. Be7 Bg4 22. Qg3 Rfc8 23. Ne5 Bxe5 24. Qxe5 Be2 25. Bg5 Bg4 26. Bh6 f6 27.
Qxf6 R4c7 28. Rbc1 1-0

[Event "Prinsenstad-toernooi - A groep"]
[Site "Delft"]
[Date "2016.03.26"]
[Round "4.7"]
[White "Ypma, Peter"]
[Black "Haver, Bas"]
[Result "0-1"]
[WhiteElo "2276"]
[BlackElo "2221"]
[PlyCount "62"]
[EventDate "2016.03.25"]
[EventType "swiss"]
[EventRounds "6"]
[EventCountry "NED"]
[Source "DSC"]
[SourceDate "2016.03.25"]

1. f3 e5 2. g3 d5 3. Nh3 Nc6 4. Bg2 Bc5 5. Nf2 f5 6. e3 Nf6 7. Nc3 d4 8. Ne2
dxe3 9. dxe3 Qe7 10. O-O Be6 11. Bd2 Rd8 12. Qc1 O-O 13. b3 Rd7 14. Nd3 Rfd8
15. Nc3 Ba3 16. Qb1 Nb4 17. Rf2 Nxd3 18. cxd3 Rxd3 19. Qc2 Qd7 20. Nb1 Be7 21.
Bf1 Rd6 22. Bc3 e4 23. Nd2 exf3 24. Nc4 Ne4 25. Nxd6 Qxd6 26. Bc4 Bxc4 27. bxc4
Nxc3 28. Rxf3 Qd3 29. Qb3 Bc5 30. Kh1 Qe4 31. Raf1 Rd1 0-1

[Event "Prinsenstad-toernooi - A groep"]
[Site "Delft"]
[Date "2016.03.26"]
[Round "4.8"]
[White "Oranje, Richard"]
[Black "Brokaar, Joey"]
[Result "1/2-1/2"]
[WhiteElo "2097"]
[BlackElo "1952"]
[PlyCount "60"]
[EventDate "2016.03.25"]
[EventType "swiss"]
[EventRounds "6"]
[EventCountry "NED"]
[Source "DSC"]
[SourceDate "2016.03.25"]

1. e4 c5 2. Nc3 a6 3. g3 b5 4. Bg2 Bb7 5. d3 e6 6. Qe2 Be7 7. f4 d5 8. Nf3 Nc6
9. O-O Nd4 10. Nxd4 cxd4 11. Nd1 Rc8 12. e5 Nh6 13. g4 Qc7 14. Rf2 Bh4 15. f5
Bxf2+ 16. Nxf2 exf5 17. Bxh6 gxh6 18. gxf5 Qxc2 19. Qg4 Qxb2 20. Rf1 Qb4 21. f6
Kd8 22. e6 fxe6 23. Qg7 Qf8 24. Qxb7 Rg8 25. Qb6+ Kd7 26. Qxa6 Qc5 27. Re1 Rc6
28. Qb7+ Rc7 29. Qa6 Rc6 30. Qb7+ Rc7 1/2-1/2

[Event "Prinsenstad-toernooi - A groep"]
[Site "Delft"]
[Date "2016.03.26"]
[Round "4.9"]
[White "Glissenaar, Marcel"]
[Black "Pols, Wiggert"]
[Result "1/2-1/2"]
[WhiteElo "2042"]
[BlackElo "1985"]
[PlyCount "123"]
[EventDate "2016.03.25"]
[EventType "swiss"]
[EventRounds "6"]
[EventCountry "NED"]
[Source "DSC"]
[SourceDate "2016.03.25"]

1. e4 e5 2. Nf3 Nc6 3. Bc4 Nf6 4. d3 Be7 5. O-O d6 6. c3 Na5 7. Bb5+ c6 8. Ba4
b5 9. Bc2 c5 10. Nbd2 Nc6 11. Re1 O-O 12. a4 b4 13. Nc4 Nd7 14. Ne3 a5 15. d4
Qc7 16. Nd5 Qd8 17. Be3 Nb6 18. dxe5 dxe5 19. Nxe7+ Qxe7 20. Bd3 Rd8 21. Qe2
Bg4 22. Bb5 Rac8 23. Red1 h6 24. Ba6 Rc7 25. Qb5 Nd7 26. h3 Be6 27. cxb4 Nxb4
28. Qxa5 Nxa6 29. Qxa6 Rb8 30. Qe2 Rb4 31. a5 Bc4 32. Qd2 Ba6 33. Qd6 Qxd6 34.
Rxd6 Bb5 35. a6 Ra4 36. Rxa4 Bxa4 37. Nd2 Kf8 38. Rd3 Bb5 39. Ra3 Ra7 40. Nb3
Rxa6 41. Rxa6 Bxa6 42. Bxc5+ Nxc5 43. Nxc5 Bb5 44. f3 Ke7 45. Kf2 Kd6 46. Nb3
f6 47. g3 Bd7 48. h4 Kc6 49. Ke3 Kb5 50. Nd2 g5 51. f4 exf4+ 52. gxf4 gxh4 53.
f5 h3 54. Kf2 Kc5 55. Nf3 h2 56. Nxh2 Kd4 57. Ng4 Bc6 58. Nxf6 Ke5 59. Ng4+
Kxe4 60. f6 Bd5 61. Nxh6 Bc6 62. Ng4 1/2-1/2

[Event "Prinsenstad-toernooi - A groep"]
[Site "Delft"]
[Date "2016.03.26"]
[Round "4.10"]
[White "Legemaat, Gert"]
[Black "Kokje, Joris"]
[Result "1/2-1/2"]
[WhiteElo "2232"]
[BlackElo "2000"]
[PlyCount "139"]
[EventDate "2016.03.25"]
[EventType "swiss"]
[EventRounds "6"]
[EventCountry "NED"]
[Source "DSC"]
[SourceDate "2016.03.25"]

1. e4 c5 2. Nc3 e6 3. Bc4 Nc6 4. a3 Nf6 5. Ba2 Be7 6. d3 d5 7. f3 O-O 8. Nh3 d4
9. Ne2 e5 10. Nf2 Be6 11. Bxe6 fxe6 12. O-O Nh5 13. Nh3 g5 14. g3 Kh8 15. Kg2
Rg8 16. Nf2 Qe8 17. h3 Qg6 18. Ng4 Raf8 19. c4 Ng7 20. Bd2 h5 21. Nh2 Rf7 22.
Qe1 Ne8 23. b4 Nf6 24. g4 Rh7 25. Rh1 hxg4 26. Nxg4 Nxg4 27. fxg4 Rf8 28. b5
Nb8 29. Qg3 Nd7 30. Rhf1 Rhf7 31. a4 Bd6 32. Rxf7 Rxf7 33. h4 gxh4 34. Rh1 Be7
35. g5 Rh7 36. Rxh4 Kg7 37. Ng1 Rxh4 38. Qxh4 Qh7 39. Qg4 Nf8 40. Nf3 Bd6 41.
Ba5 b6 42. Be1 Kf7 43. Qh3 Qxh3+ 44. Kxh3 Ng6 45. Bg3 Bc7 46. Kg4 Kg7 47. Kh5
Bd6 48. Nh4 Nf8 49. Bh2 Bc7 50. Nf3 Ng6 51. Nd2 Bd6 52. Nb3 Bc7 53. a5 Bd6 54.
a6 Bc7 55. Nd2 Nf8 56. Nf1 Ng6 57. Kg4 Bd6 58. Ng3 Kf7 59. Nh5 Be7 60. Bg3 Bd8
61. Be1 Nf4 62. Nxf4 exf4 63. Kxf4 Bc7+ 64. e5 Kg6 65. Bh4 Bd8 66. Kg4 Be7 67.
Kf4 Bd8 68. Kg4 Be7 69. Kf4 Bd8 70. Ke4 1/2-1/2

[Event "Prinsenstad-toernooi - A groep"]
[Site "Delft"]
[Date "2016.03.26"]
[Round "4.11"]
[White "Pietrow, Andrzej"]
[Black "Cebula, Jerzy"]
[Result "1/2-1/2"]
[WhiteElo "1991"]
[BlackElo "2075"]
[PlyCount "73"]
[EventDate "2016.03.25"]
[EventType "swiss"]
[EventRounds "6"]
[EventCountry "NED"]
[Source "DSC"]
[SourceDate "2016.03.25"]

1. Nf3 Nf6 2. b3 d5 3. Bb2 e6 4. c4 Be7 5. g3 b6 6. Bg2 Bb7 7. O-O dxc4 8. bxc4
O-O 9. d3 Nbd7 10. Nbd2 Nc5 11. Ne5 Bxg2 12. Kxg2 Qc8 13. d4 Qb7+ 14. f3 Ncd7
15. Nxd7 Nxd7 16. e4 Rfd8 17. Qb3 Nc5 18. Qc2 Na6 19. a3 Rab8 20. Bc3 Bf6 21.
Qb2 Rd7 22. Nb3 Rbd8 23. Rad1 Qa8 24. Qe2 c5 25. e5 Be7 26. d5 exd5 27. cxd5
Qb7 28. d6 Bf8 29. Rfe1 Nb8 30. h4 Nc6 31. Qe4 Re8 32. Qd5 Na5 33. Bxa5 Qxd5
34. Rxd5 bxa5 35. Red1 c4 36. Nc5 Rdd8 37. d7 1/2-1/2

[Event "Prinsenstad-toernooi - A groep"]
[Site "Delft"]
[Date "2016.03.26"]
[Round "5.1"]
[White "Ducarmon, Quinten"]
[Black "Blees, Albert"]
[Result "1/2-1/2"]
[WhiteElo "2473"]
[BlackElo "2382"]
[PlyCount "59"]
[EventDate "2016.03.25"]
[EventType "swiss"]
[EventRounds "6"]
[EventCountry "NED"]
[Source "DSC"]
[SourceDate "2016.03.25"]

1. e4 c5 2. Nf3 e6 3. d4 cxd4 4. Nxd4 Nc6 5. Nc3 d6 6. Be2 Nf6 7. O-O Be7 8.
Be3 O-O 9. f4 Qc7 10. Kh1 Nxd4 11. Qxd4 e5 12. Qd2 exf4 13. Rxf4 Be6 14. Nb5
Qb8 15. Nd4 Qd8 16. Nxe6 fxe6 17. Bc4 Qc8 18. Qd3 Kh8 19. Raf1 a6 20. Bb3 b5
21. c3 Qd7 22. Bg1 Rae8 23. Qh3 Bd8 24. Bd4 Qe7 25. Bxf6 gxf6 26. Bd1 Rg8 27.
Bh5 Ref8 28. Bg4 Re8 29. Bh5 Ref8 30. Bg4 1/2-1/2

[Event "Prinsenstad-toernooi - A groep"]
[Site "Delft"]
[Date "2016.03.26"]
[Round "5.2"]
[White "Reinderman, Dimitri"]
[Black "Haslinger, Stewart"]
[Result "1-0"]
[WhiteElo "2581"]
[BlackElo "2508"]
[Annotator "Dimitri Reinderman"]
[PlyCount "65"]
[EventDate "2016.03.25"]
[EventType "swiss"]
[EventRounds "6"]
[EventCountry "NED"]
[Source "DSC"]
[SourceDate "2016.03.25"]

1. Nf3 d5 2. c4 d4 3. g3 Nc6 4. Bg2 e5 5. O-O a5 6. d3 Nf6 7. e3 Be7 8. exd4
exd4 9. Na3 O-O 10. Nb5 Bf5 11. Bf4 Ne8 {Dit is allemaal nog eerder gespeeld,
maar we waren daar beiden volkomen onwetend van. Dat uitte zich bij hem in het
voor hem gebruikelijke lange nadenken, zodat ik al ruim een half uur voor op
de klok stond. Ik had het idee ook nog prettig te staan.} 12. Re1 (12. Re1 {
Dreigt slaan op d4 en} Bc5 {faalt op} 13. Rxe8) 12... g5 13. Be5 (13. Rxe7 $1 {
(al eens gespeeld en goed voor wit) helemaal niet overwogen. :(}) 13... Bc5 ({
Wel had ik} 13... Nxe5 14. Rxe5 Bg6 15. Nfxd4 Bf6 16. Bxb7 Bxe5 17. Nc6 Qxd3
18. Qxd3 Bxd3 19. Nxe5 Rb8 20. Nxd3 Rxb7 21. Nc5 Rb8 22. Nd7 Rd8 23. Nxf8 {
met pionwinst helemaal berekend. Het klopt ook nog allemaal! Maar helaas heeft
zwart een goedalternatief}) 14. h3 f6 15. g4 (15. Bxd4 Bxd4 16. Nfxd4 Nxd4 17.
Bd5+ {was eerst mijn plan, maar bij nader inzien vond ik dat} Qxd5 18. cxd5
Nxb5 {goed voor zwart was. SF twijfelt tussen klein of groot voordeel voor wit,
ik had misschien de witte aanvalskansen wat onderschat.}) (15. g4 {
Na wat ik deed verlies ik een pion als hij gewoon} fxe5 16. gxf5 Rxf5 {
had. Hij vond dat ik genoeg compensatie zou hebben, ik vond niet, in dit geval
geeft SF me wel gelijk. Puur geluk dat hij allerlei rare dingen begon te doen.}
) 15... Nxe5 16. Nxe5 fxe5 17. gxf5 c6 18. Rxe5 Ng7 {
Die had ik niet zien aankomen, maar het is ook niet zo goed.} 19. Rxc5 Qe7 20.
f6 ({Het alternatief is} 20. Rxc6 bxc6 21. Nxd4 {Ongetwijfeld goed voor wit,
maar ik was bang voor de aanval die zwart zou krijgen. In de partij zijn beide
koningen in gevaar.} (21. Bxc6)) 20... Qxf6 21. Nc7 Rac8 22. Nd5 Qxf2+ 23. Kh1
cxd5 24. Rxc8 Rxc8 25. Qg4 Re8 26. Bxd5+ Kh8 27. Qxg5 Re3 (27... Re2 $1 28. Bg2
Nh5 {had ik verwacht en ik hoopte dat schaakjes me iets zouden opleveren,
meteen of na eerst} 29. Rg1 Ng3+ 30. Kh2 Nf1+ 31. Rxf1 Qxf1 32. Qd8+ Kg7 33.
Qxd4+ {Of in ieder geval dat de dreiging daarvan hem zou afschrikken. Dat deed
het, ten onrechte.}) 28. Bg2 Ne6 29. Qd5 Qh4 30. Qf5 Qf4 31. Qh5 Ng5 $4 32. Rf1
Qe5 33. Qh6 {U begrijpt, we waren beiden in tijdnood, hij nog iets meer dan ik,
dus de zetten waren niet optimaal. Hier viel zijn vlag, maar het is ook
ondekbaar mat.} 1-0

[Event "Prinsenstad-toernooi - A groep"]
[Site "Delft"]
[Date "2016.03.26"]
[Round "5.3"]
[White "Arnaudov, Petar"]
[Black "Schönberger, Daan"]
[Result "1-0"]
[WhiteElo "2450"]
[BlackElo "2006"]
[PlyCount "83"]
[EventDate "2016.03.25"]
[EventType "swiss"]
[EventRounds "6"]
[EventCountry "NED"]
[Source "DSC"]
[SourceDate "2016.03.25"]

1. Nf3 Nf6 2. c4 g6 3. Nc3 Bg7 4. d4 O-O 5. e4 d6 6. h3 e5 7. d5 Nh5 8. g3 Na6
9. Be2 f5 10. exf5 gxf5 11. Nh4 Nf6 12. a3 Nc5 13. Qc2 c6 14. Be3 cxd5 15. cxd5
Ne8 16. O-O-O Bd7 17. Kb1 Rc8 18. Rc1 a6 19. Qd1 Nf6 20. g4 Nfe4 21. Nxf5 Nxc3+
22. Rxc3 Bxf5+ 23. gxf5 Qd7 24. Ka2 Ne4 25. Rxc8 Qxc8 26. Rg1 Kh8 27. h4 Bf6
28. Bd3 Nc5 29. Bc2 e4 30. Qg4 Qe8 31. Bg5 Qe5 32. Bxf6+ Qxf6 33. Bxe4 Na4 34.
Qe2 Re8 35. f3 Qd4 36. Qg2 Nc5 37. h5 Qf6 38. Bc2 b5 39. Qg4 a5 40. h6 Qf7 41.
Qg7+ Qxg7 42. Rxg7 1-0

[Event "Prinsenstad-toernooi - A groep"]
[Site "Delft"]
[Date "2016.03.26"]
[Round "5.4"]
[White "De Jong, Migchiel"]
[Black "Bertholee, Rob"]
[Result "1-0"]
[WhiteElo "2390"]
[BlackElo "2318"]
[PlyCount "81"]
[EventDate "2016.03.25"]
[EventType "swiss"]
[EventRounds "6"]
[EventCountry "NED"]
[Source "DSC"]
[SourceDate "2016.03.25"]

1. e4 e6 2. d4 d5 3. Nc3 Nf6 4. Bg5 dxe4 5. Nxe4 Nbd7 6. Nf3 Be7 7. Nxf6+ Bxf6
8. h4 c5 9. dxc5 Qa5+ 10. c3 Qxc5 11. Bd3 b5 12. Be3 Qd5 13. Qe2 a6 14. a4 bxa4
15. Rxa4 Rb8 16. O-O Qb3 17. Rc4 O-O 18. Bc1 Bb7 19. Ng5 g6 20. Rb4 Qd5 21. Be4
Qe5 22. Nxh7 Kxh7 23. Bf4 Qxf4 24. Bxg6+ Kxg6 25. Rxf4 Ne5 26. h5+ Kg5 27. Qe3
Rg8 28. Re4+ Kxh5 29. Rxe5+ Bxe5 30. Qxe5+ Kg6 31. Rd1 Bd5 32. Rd3 f5 33. c4
Bxc4 34. Rg3+ Kh5 35. Rxg8 Rxg8 36. Qh2+ Kg6 37. Qg3+ Kf7 38. Qc7+ Kf6 39. Qxc4
Rxg2+ 40. Kxg2 a5 41. f4 1-0

[Event "Prinsenstad-toernooi - A groep"]
[Site "Delft"]
[Date "2016.03.26"]
[Round "5.5"]
[White "Roorda, Thijs"]
[Black "Van den Doel, Erik"]
[Result "0-1"]
[WhiteElo "2142"]
[BlackElo "2564"]
[PlyCount "116"]
[EventDate "2016.03.25"]
[EventType "swiss"]
[EventRounds "6"]
[EventCountry "NED"]
[Source "DSC"]
[SourceDate "2016.03.25"]

1. Nf3 Nf6 2. c4 c6 3. g3 d5 4. Bg2 g6 5. O-O Bg7 6. d4 O-O 7. cxd5 cxd5 8. Ne5
e6 9. Nc3 Nfd7 10. Nxd7 Bxd7 11. Bf4 Nc6 12. e3 Na5 13. e4 dxe4 14. Bxe4 Bc6
15. Bxc6 Nxc6 16. d5 exd5 17. Nxd5 Nd4 18. Nc3 Re8 19. Be3 Nf5 20. Qf3 Bxc3 21.
bxc3 Nxe3 22. fxe3 Qe7 23. Rf2 Rac8 24. Raf1 Rc7 25. Qf4 g5 26. Qf5 Qxe3 27. c4
h6 28. Qf6 Qe6 29. Qd4 b6 30. Rf6 Qe3+ 31. Qxe3 Rxe3 32. Rxh6 Rxc4 33. Rd6 Re7
34. Rd5 g4 35. Rf2 Ra4 36. Kg2 a6 37. Kf1 b5 38. Rc2 f6 39. Rd6 Kg7 40. Rf2 Rf7
41. Rf4 Rxa2 42. Rxg4+ Kf8 43. Rb6 Rc7 44. Rxf6+ Ke7 45. Rg7+ Kxf6 46. Rxc7 b4
47. Ke1 Ke5 48. Kd1 Kd4 49. h4 a5 50. h5 Rh2 51. g4 a4 52. Kc1 a3 53. Kb1 b3
54. Rd7+ Kc5 55. Rd1 a2+ 56. Ka1 Kb4 57. g5 Ka3 58. g6 b2# 0-1

[Event "Prinsenstad-toernooi - A groep"]
[Site "Delft"]
[Date "2016.03.26"]
[Round "5.6"]
[White "Lalic, Bogdan"]
[Black "Bakker, Guido"]
[Result "1/2-1/2"]
[WhiteElo "2429"]
[BlackElo "2124"]
[PlyCount "85"]
[EventDate "2016.03.25"]
[EventType "swiss"]
[EventRounds "6"]
[EventCountry "NED"]
[Source "DSC"]
[SourceDate "2016.03.25"]

1. d4 Nf6 2. c4 g6 3. Nc3 Bg7 4. e4 d6 5. Be2 O-O 6. Be3 Na6 7. g4 c5 8. d5 e6
9. g5 Ne8 10. dxe6 Bxe6 11. Qd2 Qa5 12. h4 Qb4 13. a3 Qb3 14. Rc1 Bxc4 15. Bxc4
Qxc4 16. Nge2 Qe6 17. f3 Nac7 18. h5 b6 19. Nf4 Qd7 20. Qh2 Be5 21. Qh4 Bxf4
22. Bxf4 Rd8 23. Rd1 Qe7 24. Kf2 Rd7 25. Rd2 Qe6 26. Qh2 f5 27. hxg6 Qxg6 28.
e5 d5 29. Qg3 h5 30. e6 Re7 31. Nxd5 Nxd5 32. Rxd5 Rxe6 33. Rd2 Ng7 34. Rhd1
Rfe8 35. Qg1 R8e7 36. Qf1 Kh7 37. b4 cxb4 38. axb4 Qe8 39. b5 Qc8 40. Rc1 Qe8
41. Rcd1 Qc8 42. Rc1 Qe8 43. Rcd1 1/2-1/2